Science as a contact sport: inside the battle to save earth's climate (Record no. 57094)

MARC details
000 -LEADER
fixed length control field 00734nam a2200181 a 4500
008 - FIXED-LENGTH DATA ELEMENTS--GENERAL INFORMATION
fixed length control field 160504s2009 ||||||||||||||||| || u
020 ## - INTERNATIONAL STANDARD BOOK NUMBER
International Standard Book Number 9781426205408
050 ## - LIBRARY OF CONGRESS CALL NUMBER
Classification number QC 912.3 Sch
100 ## - MAIN ENTRY--PERSONAL NAME
Personal name Schneider, Stephen H
245 10 - TITLE STATEMENT
Title Science as a contact sport: inside the battle to save earth's climate
Statement of responsibility, etc. By Stephen H. Schneider
260 ## - PUBLICATION, DISTRIBUTION, ETC.
Place of publication, distribution, etc. Washington D.C
Name of publisher, distributor, etc. National Geographic Society
Date of publication, distribution, etc. 2009
300 ## - PHYSICAL DESCRIPTION
Extent viii, 298p.
350 ## - PRICE (NR) (BK AM CF MU VM SE) [OBSOLETE]
Price 28.00
650 #0 - SUBJECT ADDED ENTRY--TOPICAL TERM
Topical term or geographic name entry element GLOBAL ENVIRONMENTAL CHANGE
650 ## - SUBJECT ADDED ENTRY--TOPICAL TERM
Topical term or geographic name entry element GLOBAL TEMPERATURE CHANGES
650 ## - SUBJECT ADDED ENTRY--TOPICAL TERM
Topical term or geographic name entry element GREENHOUSE EFFECT, ATMOSPHERIC
995 ## - RECOMMENDATION 995 [LOCAL, UNIMARC FRANCE]
-- CBU-MAIN LIBRARY (Kitwe)
-- 28.00
-- 1
-- AVAILABLE
-- May 13, 2016
-- Main Library Open Access Collection
Holdings
Withdrawn status Lost status Source of classification or shelving scheme Damaged status Not for loan Home library Current library Shelving location Date acquired Total Checkouts Full call number Barcode Date last seen Price effective from Koha item type
          CBU-MAIN LIBRARY, KITWE. CBU-MAIN LIBRARY, KITWE.   11/30/2022   QC 912.3 Sch 746512 11/30/2022 11/30/2022 MONOGRAPH